Ciencias de la tierra hoy / (Registro nro. 105614)

Detalles MARC
000 -LEADER
fixed length control field 00617cam a2200205 4500
008 - FIXED-LENGTH DATA ELEMENTS--GENERAL INFORMATION
fixed length control field 1994 a spa
020 ## - INTERNATIONAL STANDARD BOOK NUMBER
International Standard Book Number 968-16-4363-1
050 #4 - LIBRARY OF CONGRESS CALL NUMBER
Classification number QE26.2
Item number C53 1994
245 #0 - TITLE STATEMENT
Title Ciencias de la tierra hoy /
Statement of responsibility, etc comp. Servando de la cruz-Reyna-
260 ## - PUBLICATION, DISTRIBUTION, ETC. (IMPRINT)
Place of publication, distribution, etc México :
Name of publisher, distributor, etc UNAM : Fondo de Cultura Económica,
Date of publication, distribution, etc 1994
300 ## - PHYSICAL DESCRIPTION
Extent 205 p. ;
Dimensions 23 cm.
440 #0 - SERIES STATEMENT/ADDED ENTRY--TITLE
Title Ediciones Científicas Universitarias
500 ## - GENERAL NOTE
General note 1 ejemplar
500 ## - GENERAL NOTE
General note Fomes
504 ## - BIBLIOGRAPHY, ETC. NOTE
Bibliography, etc Incluye bibliografía
700 1# - ADDED ENTRY--PERSONAL NAME
Personal name Cruz-Reyna, Servando de,
Relator term comp.
942 ## - ADDED ENTRY ELEMENTS (KOHA)
Source of classification or shelving scheme Biblioteca del Cogreso de los Estados Unidos
Koha item type Libro
Existencias
Estado de pérdida Fuente de clasificación Estado del daño No para préstamo Ubicación permanente Ubicación actual Apartado o colección Fecha de adquisición Edición Área del conocimiento Total Checkouts Clasificación Código de Barras Date last seen Número de copia Costo por reposición Tipo de recurso
  Biblioteca del Cogreso de los Estados Unidos     Biblioteca de la Unidad de Ciencias Ingeniería y Humanidades Biblioteca de la Unidad de Ciencias Ingeniería y Humanidades General 25/04/2023 1a. Ciencias Naturales y Exactas   QE26.2 C54 1994 BCU000022104 25/04/2023 C:2 1.00 Libro
  Biblioteca del Cogreso de los Estados Unidos     Biblioteca de la Unidad de Ciencias Ingeniería y Humanidades Biblioteca de la Unidad de Ciencias Ingeniería y Humanidades General 25/04/2023 1a. Ciencias Naturales y Exactas   QE26.2 C54 1994 BCU000022105 25/04/2023 C:1 1.00 Libro